[Event "SVK-chT2C 0607"]
[Site "Slovakia"]
[Date "2007.01.13"]
[Round "7.3"]
[White "Chyla, Jiri"]
[Black "Pohranc, Richard"]
[Result "1/2-1/2"]
[WhiteElo "1937"]
[BlackElo "1926"]
[PlyCount "40"]
[EventDate "2006.10.14"]
[EventType "team-tourn"]
[EventRounds "11"]
[EventCountry "SVK"]
[SourceTitle "EXT 2008"]
[Source "ChessBase"]
[SourceDate "2007.11.25"]
[SourceVersion "1"]
[SourceVersionDate "2007.11.25"]
[SourceQuality "1"]
[WhiteTeam "Jelsava Magnezit"]
[BlackTeam "Banska Bystrica Kurta"]
[WhiteTeamCountry "SVK"]
[BlackTeamCountry "SVK"]

1. d4 Nf6 2. c4 g6 3. Nc3 Bg7 4. e4 d6 5. Nf3 0-0 6. h3 e5 7. dxe5 dxe5 8. Bg5 Qxd1+ 9. Rxd1 c6 10. Be2 Be6 11. 0-0 Nbd7 12. Be3 h6 13. Nd2 Nh7 14. Nb3 a5 15. Na4 Rfe8 16. Nac5 Nxc5 17. Nxc5 Bc8 18. a4 Ng5 19. f3 Ne6 20. Nxe6 Bxe6 1/2-1/2

[Event "SVK-ch17 corr"]
[Site "Slovakia"]
[Date "2003.??.??"]
[Round "?"]
[White "Fenes, Ladislav"]
[Black "Pohranc, Richard"]
[Result "1/2-1/2"]
[WhiteElo "2398"]
[BlackElo "2271"]
[PlyCount "95"]
[EventDate "2003.02.10"]
[EventType "tourn (corr)"]
[EventRounds "14"]
[EventCountry "SVK"]
[EventCategory "5"]
[SourceTitle "Corr 2008"]
[Source "ChessBase"]
[SourceDate "2008.06.24"]
[SourceVersion "1"]
[SourceVersionDate "2008.06.24"]
[SourceQuality "1"]

1. e4 e5 2. Nf3 Nc6 3. Bb5 a6 4. Ba4 Nf6 5. 0-0 Be7 6. Re1 b5 7. Bb3 0-0 8. c3 d5 9. exd5 Nxd5 10. Nxe5 Nxe5 11. Rxe5 c6 12. d4 Bd6 13. Re1 Qh4 14. g3 Qh3 15. Be3 Bg4 16. Qd3 Rae8 17. Nd2 Re6 18. a4 f5 19. Qf1 Qh5 20. f4 bxa4 21. Rxa4 Rfe8 22. Qf2 g5 23. fxg5 f4 24. gxf4 Bh3 25. Nc4 Bxf4 26. Ne5 Bxe5 27. dxe5 Rxe5 28. Qg3 Bc8 29. Rh4 Qf7 30. Rh6 R5e6 31. Bf2 Rxe1+ 32. Bxe1 Re6 33. Rxe6 Qxe6 34. Bc4 a5 35. Bd3 Nf4 36. Qxf4 Qxe1+ 37. Kg2 Be6 38. Bc4 Bd5+ 39. Bxd5+ cxd5 40. Qb8+ Kg7 41. Qb7+ Kg6 42. Qc6+ Kxg5 43. Qxd5+ Kf6 44. Qd8+ Kf7 45. Qd3 Ke8 46. Qb5+ Ke7 47. Qg5+ Kd7 48. Qd5+ 1/2-1/2

[Event "SVK-ch17 corr"]
[Site "Slovakia"]
[Date "2003.??.??"]
[Round "?"]
[White "Korbela, Lubomir"]
[Black "Pohranc, Richard"]
[Result "1/2-1/2"]
[WhiteElo "2361"]
[BlackElo "2271"]
[PlyCount "64"]
[EventDate "2003.02.10"]
[EventType "tourn (corr)"]
[EventRounds "14"]
[EventCountry "SVK"]
[EventCategory "5"]
[SourceTitle "Corr 2004"]
[Source "ChessBase"]
[SourceDate "2003.04.28"]
[SourceVersion "3"]
[SourceVersionDate "2003.04.28"]
[SourceQuality "1"]

1. d4 Nf6 2. Nf3 g6 3. g3 Bg7 4. Bg2 0-0 5. 0-0 d6 6. c4 Nbd7 7. Nc3 e5 8. e4 c6 9. b3 exd4 10. Nxd4 Re8 11. h3 Nc5 12. Re1 a5 13. Rb1 h6 14. Kh2 Nh7 15. Rb2 Qc7 16. f4 Bd7 17. Be3 Rad8 18. Rd2 Bc8 19. Bf2 Nf8 20. Ndb5 Qe7 21. Nxd6 Bxc3 22. Bxc5 Bxd2 23. Qxd2 b6 24. Ba3 c5 25. Rd1 Bb7 26. e5 Bxg2 27. Kxg2 Ne6 28. Bb2 Ng7 29. Qc3 Rf8 30. Rd5 f6 31. exf6 Rxf6 32. Qxf6 Qe2+ 1/2-1/2

[Event "SVK-ch17 corr"]
[Site "Slovakia"]
[Date "2003.??.??"]
[Round "?"]
[White "Pohranc, Richard"]
[Black "Stec, Juraj"]
[Result "1/2-1/2"]
[WhiteElo "2271"]
[BlackElo "2361"]
[PlyCount "119"]
[EventDate "2003.02.10"]
[EventType "tourn (corr)"]
[EventRounds "14"]
[EventCountry "SVK"]
[EventCategory "5"]
[SourceTitle "Corr 2008"]
[Source "ChessBase"]
[SourceDate "2008.06.24"]
[SourceVersion "1"]
[SourceVersionDate "2008.06.24"]
[SourceQuality "1"]

1. e4 c6 2. d4 d5 3. exd5 cxd5 4. c3 Nc6 5. Nf3 Bg4 6. Qb3 Bxf3 7. Qxb7 Qc8 8. Qxc8+ Rxc8 9. gxf3 Nxd4 10. Ba6 Rc6 11. Bd3 Re6+ 12. Be3 Nxf3+ 13. Ke2 Nh4 14. Bb5+ Kd8 15. Rd1 Nf6 16. c4 a6 17. cxd5 Rxe3+ 18. fxe3 axb5 19. Na3 g6 20. Nxb5 Nf5 21. Rac1 Bh6 22. Rc3 Re8 23. Rdc1 e5 24. Rc8+ Ke7 25. R1c7+ Kf8 26. d6 Bxe3 27. a4 Bg1 28. h3 Bb6 29. Rxe8+ Kxe8 30. Rb7 Ba5 31. b4 Bxb4 32. Nc7+ Kd7 33. Rxb4 Nxd6 34. Na8 Kc6 35. Nb6 Nfe4 36. a5 Nc3+ 37. Kd2 Ncb5 38. Rb1 Na3 39. Ra1 Nab5 40. Rc1+ Kb7 41. Nd7 e4 42. Nf6 Nd4 43. Rb1+ Ka7 44. Nxh7 f5 45. Rb6 Nc4+ 46. Kc3 Nxa5 47. Rxg6 Nac6 48. Nf8 e3 49. Rg7+ Kb6 50. Nd7+ Kb5 51. Kd3 f4 52. Rg5+ Ka4 53. Rg1 e2 54. Rb1 f3 55. Nc5+ Ka3 56. Ne4 Nf5 57. Nc3 Nb4+ 58. Kd2 Nd4 59. h4 Nd5 60. Ne4 1/2-1/2

[Event "SVK-ch17 corr"]
[Site "Slovakia"]
[Date "2003.??.??"]
[Round "?"]
[White "Pohranc, Richard"]
[Black "Vrbica, Ladislav"]
[Result "0-1"]
[WhiteElo "2271"]
[BlackElo "2245"]
[PlyCount "140"]
[EventDate "2003.02.10"]
[EventType "tourn (corr)"]
[EventRounds "14"]
[EventCountry "SVK"]
[EventCategory "5"]
[SourceTitle "Corr 2008"]
[Source "ChessBase"]
[SourceDate "2008.06.24"]
[SourceVersion "1"]
[SourceVersionDate "2008.06.24"]
[SourceQuality "1"]

1. e4 c5 2. f4 Nc6 3. Nf3 d6 4. Nc3 g6 5. Bc4 Bg7 6. d3 e6 7. f5 exf5 8. 0-0 Nge7 9. Qe1 h6 10. Qg3 Ne5 11. Nxe5 dxe5 12. Qf2 b6 13. exf5 gxf5 14. Qg3 Kf8 15. Qf3 Rb8 16. Qh5 Qd4+ 17. Kh1 Be6 18. Bxe6 fxe6 19. Rf3 Ng8 20. Qg6 Nf6 21. Qg3 Kf7 22. Be3 Qd6 23. Raf1 Rbg8 24. Qh4 Ke8 25. Qa4+ Qd7 26. Qa6 Bf8 27. a4 Rg7 28. a5 Rhg8 29. axb6 axb6 30. g3 Qc6 31. Qb5 Qxb5 32. Nxb5 Rg4 33. Nc3 h5 34. Ra1 h4 35. Bf2 hxg3 36. Bxg3 Bd6 37. Ra6 Nd7 38. Na4 Bc7 39. Ra8+ Ke7 40. Rxg8 Rxg8 41. Bh4+ Kd6 42. Rg3 Rh8 43. Bg5 Kc6 44. h4 e4 45. Re3 exd3 46. cxd3 Nf8 47. Kg2 Kd7 48. Rh3 Rh5 49. Rh1 Ng6 50. Kf3 Kc6 51. Nc3 Ne5+ 52. Ke2 Nf7 53. Rg1 Nxg5 54. hxg5 Rh2+ 55. Kf3 Rd2 56. g6 Rxd3+ 57. Kf2 Rd8 58. Re1 e5 59. Rg1 Rg8 60. g7 e4 61. Rg6+ Kb7 62. Nd5 Be5 63. Rxb6+ Ka7 64. b4 Bd4+ 65. Ke1 Bc3+ 66. Ke2 cxb4 67. Rb5 Rxg7 68. Nxb4 Bxb4 69. Rxb4 Rg3 70. Kf2 Rf3+ 0-1

[Event "SVK-ch sf 26th corr"]
[Site "Slovakia"]
[Date "2001.??.??"]
[Round "?"]
[White "Pohranc, Richard"]
[Black "Orolin, Jan"]
[Result "1-0"]
[WhiteElo "2178"]
[BlackElo "2221"]
[PlyCount "113"]
[EventDate "2001.01.16"]
[EventType "tourn (corr)"]
[EventRounds "8"]
[EventCountry "SVK"]
[SourceTitle "Corr 2008"]
[Source "ChessBase"]
[SourceDate "2008.06.24"]
[SourceVersion "1"]
[SourceVersionDate "2008.06.24"]
[SourceQuality "1"]

1. e4 e5 2. Nf3 Nc6 3. Bb5 a6 4. Ba4 Nf6 5. 0-0 Be7 6. Re1 b5 7. Bb3 d6 8. c3 0-0 9. h3 Na5 10. Bc2 c5 11. d4 Qc7 12. Nbd2 cxd4 13. cxd4 Bb7 14. d5 Rac8 15. Bb1 Nd7 16. Nf1 f5 17. exf5 Nf6 18. Ng5 Bxd5 19. Ne3 Bf7 20. Ne6 Bxe6 21. fxe6 g6 22. Nd5 Nxd5 23. Qxd5 Nc4 24. Be4 Qb6 25. Re2 Kh8 26. Bh6 Rg8 27. b3 Na5 28. Be3 Qb8 29. a4 Nc6 30. axb5 Qxb5 31. Qxb5 axb5 32. Rc2 Nb4 33. Rxc8 Rxc8 34. Ra7 d5 35. Rxe7 Nc6 36. Rb7 dxe4 37. Rxb5 Re8 38. b4 Kg7 39. Rb7+ Kg8 40. Bc5 Rxe6 41. b5 Na5 42. Rc7 Nc4 43. Rc8+ Kg7 44. Rb8 Kh6 45. b6 Rc6 46. Bf8+ Kg5 47. b7 Rb6 48. Rc8 Rxb7 49. Rxc4 Kf5 50. g4+ Ke6 51. Rxe4 Kd5 52. Rb4 Rf7 53. Bh6 e4 54. Be3 Rf3 55. Kg2 Rf7 56. g5 Rc7 57. Ra4 1-0